Avaliação psicométrica em português do indicador de dor crônica de Helsinki em cães com sinais crônicos de osteoartrite (Registro n. 328143)
[ somente texto ]
| 000 -LÍDER | |
|---|---|
| fixed length control field | 04029nab a2200337 i 4500 |
| 003 - CÓDIGO MARC DA AGÊNCIA CATALOGADORA | |
| Campo de controle | BR-BrBNA |
| 005 - DATA E HORA DA ÚLTIMA ATUALIZAÇÃO | |
| Campo de controle | 20241016113531.0 |
| 008 - CAMPO DE TAMANHO FIXO | |
| fixed length control field | 241016b2019 bl.|r|pooa||| 00| 0 por | |
| 040 ## - FONTE DA CATALOGAÇÃO | |
| Agência catalogadora | BR-BrBNA |
| Idioma da catalogação | por |
| 072 ## - CATEGORIA AGRIS | |
| Código AGRIS | L70 |
| Código do objeto | 5400 |
| 100 ## - ENTRADA PRINCIPAL - NOME PESSOAL | |
| Nome pessoal | Matsubara, L.M. |
| 100 ## - ENTRADA PRINCIPAL - NOME PESSOAL | |
| Nome pessoal | Luna, S.P.L. |
| 100 ## - ENTRADA PRINCIPAL - NOME PESSOAL | |
| Nome pessoal | Teixeira, L.R. |
| 100 ## - ENTRADA PRINCIPAL - NOME PESSOAL | |
| Nome pessoal | Castilho, M.S. |
| 100 ## - ENTRADA PRINCIPAL - NOME PESSOAL | |
| Nome pessoal | Björkman, A.H. |
| 100 ## - ENTRADA PRINCIPAL - NOME PESSOAL | |
| Nome pessoal | Oliveira, H.S. |
| 100 ## - ENTRADA PRINCIPAL - NOME PESSOAL | |
| Nome pessoal | Anunciação, L.F.C. |
| 245 ## - TÍTULO PRINCIPAL | |
| Título principal | Avaliação psicométrica em português do indicador de dor crônica de Helsinki em cães com sinais crônicos de osteoartrite |
| 500 ## - NOTA GERAL | |
| Nota geral | <br/>Publicação online; 28 ref.; Summaries (En, Pt) |
| 942 ## - ADDED ENTRY ELEMENTS (KOHA) | |
| Koha item type | Analítica |
| 520 ## - NOTA DE RESUMO | |
| Nota de conteúdo | <br/><br/>RESUMO - Objetivou-se determinar a validade, a confiabilidade e a sensibilidade do indicador de dor crônica de Helsinki (IDCH) em português, além de estabelecer correlação entre a plataforma de pressão em cães com displasia coxofemoral (DCF). O questionário foi preenchido por tutores de 40 animais com DCF e por 16 tutores de cães saudáveis. Os animais com DCF foram tratados com carprofeno 4,4mg/kg (GT= 21) ou placebo (GP= 19), administrados uma vez ao dia, durante quatro semanas. A avaliação consistiu no preenchimento do questionário (IDCH), na escala analógica visual de dor (EAVdor) e na escala analógica visual de locomoção (EAVloc) com duas semanas (A1) e imediatamente antes do tratamento (A2), duas (S2) e quatro (S4) semanas de tratamento e após duas semanas do término do tratamento (S6). A consistência interna dos dados foi considerada excelente (alfa de Cronbach = 0,89). Houve correlação moderada entre o IDCH e a EAVdor e boa entre o IDCH e a EAVloc, porém não houve diferença entre o grupo tratado com carprofeno e placebo no IDCH. Não houve correlação entre os dados da plataforma de pressão e o IDCH. O questionário apresentou validade de constructo, critério e fidedignidade e pode-se empregá-lo em países de língua portuguesa em cães com osteoartrite.<br/><br/><br/>Palavras-chave: cães, dor crônica, osteoartrite, estudos de validação |
| 520 ## - NOTA DE RESUMO | |
| Nota de conteúdo | <br/><br/>ABSTRACT - We aimed to determine validity, reliability, and sensitivity of Helsinki’s chronic pain index (HCPI) and stablish a correlation between HCPI in dogs with hip dysplasia (HD) using pressure sensitive walkway. Forty-owners of dogs with HD and 16 owners of health dogs filled a questionnaire. Dogs with HD were treated with carprofen 4.4mg/kg (GT n= 21) or with placebo (GP n= 19), both were administered once a day for 4 weeks. Evaluation was performed by the owners using the questionnaire (HCPI), the Visual Analogue Scale for pain (VASpain) and the VAS for locomotion (VASloc). The evaluation was performed 2 weeks before the treatment began (A1), immediately after treatment (A2), two (S2), four (S4) and two weeks after the end of treatment (S6) and the lameness was evaluated by pressure sensitive walkway. The internal consistency of the data was considered excellent (Cronbach´α coefficient= 0.89). There was a moderate correlation between the HCPI and VASpain. For VASloc the correlation was good. However, there was no difference between treatments, indicating low sensibility. No correlation was observed between pressure sensitive walkway and HCPI. We concluded that the questionnaire has construct and criterion validity, reliability and can be applied in dogs with osteoarthritis in Portuguese-speaking countries.<br/><br/><br/>Keywords: dogs, chronic pain, osteoarthritis, validation studies |
| 650 ## - ASSUNTO - THESAGRO | |
| Cabeçalho tópico ou nome geográfico | CÃO |
| 650 ## - ASSUNTO - THESAGRO | |
| Cabeçalho tópico ou nome geográfico | DOENÇA ANIMAL |
| 650 ## - ASSUNTO - THESAGRO | |
| Cabeçalho tópico ou nome geográfico | COMPORTAMENTO ANIMAL |
| 650 ## - ASSUNTO - THESAGRO | |
| Cabeçalho tópico ou nome geográfico | DOR |
| 650 ## - ASSUNTO - THESAGRO | |
| Cabeçalho tópico ou nome geográfico | VETERINÁRIA |
| 773 0# - ENTRADA ANALÍTICA | |
| Host Biblionumber | 1643 |
| Registro do item | 345321 |
| Imprenta | Belo Horizonte-MG Universidade Federal de Minas Gerais - Escola de Veterinaria 1983 |
| Outro identificador | 2024-5846 |
| Título | Arquivo Brasileiro de Medicina Veterinária e Zootecnia (Brazil) |
| ISSN | 0102-0935 |
| Colação | v. 71(1) p. 109-118; (2019) |
| Número de controle de registro | BR2024002893 |
| 856 ## - ACESSO E ENDEREÇO ELETRÔNICO | |
| Identificador uniforme de recurso - URI | https://www.scielo.br/j/abmvz/a/SRDKTYD6dZ5TgjHBtng6dBK/?format=pdf&lang=pt |
Nenhum exemplar disponível.

BINAGRI